000 00267nam a2200121 a 4500
005 20140414131920.0
008 101022s19uu xx 00 eng d
050 _aER
_bM88 1998
100 _a
245 _aMulan.
260 _bWalt Disney,
_c1998.
999 _c111722
_d111722